000 00480nam a2200169 i 4500
001 149892
003 ES-MaACL
005 20230906203311.0
007 t|
008 071024s1932 sp ||||1| cat d
100 1 _aValls i Taberner, Ferran.
_9112942
245 1 0 _aMatisos d'historia i de llegenda /
_cFerran Valls i Taberner.
260 _aBarcelona :
_bBalmes,
_c1932.
300 _a182 p. ;
_c19 cm.
651 4 _aCataluña-
_xHistoria.
_98013
852 _aES-MaACL
_jB-12554
999 _c149892
_d149892